[Event "FRA-chT U20 0304"]
[Site "France"]
[Date "2004.05.01"]
[Round "10"]
[White "Steil Antoni, Fiona"]
[Black "Khallouf, Antoine"]
[Result "1/2-1/2"]
[WhiteElo "1579"]
[BlackElo "1550"]
[PlyCount "63"]
[EventDate "2003.11.??"]
[EventType "team"]
[EventRounds "11"]
[EventCountry "FRA"]
[SourceTitle "EXT 2005"]
[Source "ChessBase"]
[SourceDate "2004.11.15"]
[SourceVersion "1"]
[SourceVersionDate "2004.11.15"]
[SourceQuality "1"]
[WhiteTeam "Vandoeuvre"]
[BlackTeam "Clichy"]
[WhiteTeamCountry "FRA"]
[BlackTeamCountry "FRA"]

1. e4 e5 2. Nf3 Nf6 3. Nxe5 d6 4. Nf3 Nxe4 5. Bd3 Nf6 6. h3 Qe7+ 7. Be2 g6 8. 0-0 Bg7 9. Re1 0-0 10. d4 d5 11. Nc3 Be6 12. Be3 Nc6 13. Qd2 Rad8 14. Bg5 Qb4 15. a3 Qe7 16. Rad1 a6 17. Ne5 Qd6 18. Qf4 Bf5 19. Rd2 Rde8 20. Bf3 Ne4 21. Bxe4 Bxe4 22. Nxe4 dxe4 23. Nxc6 Qxc6 24. Bh6 Re7 25. Bxg7 Kxg7 26. Re3 Rd8 27. c3 Qd6 28. Qxd6 Rxd6 29. Rde2 Rde6 30. g4 b5 31. Kg2 f5 32. Kg3 1/2-1/2

[Event "FRA-chT 0102 U18"]
[Site "France"]
[Date "2002.05.09"]
[Round "9.3"]
[White "Khallouf, Antoine"]
[Black "Benier, Adrien"]
[Result "0-1"]
[WhiteElo "1530"]
[BlackElo "1940"]
[PlyCount "70"]
[EventDate "2001.10.??"]
[EventType "team"]
[EventRounds "11"]
[EventCountry "FRA"]
[SourceTitle "EXT 2003"]
[Source "ChessBase"]
[SourceDate "2002.11.25"]
[SourceVersion "1"]
[SourceVersionDate "2002.11.25"]
[SourceQuality "1"]
[WhiteTeam "Clichy"]
[BlackTeam "Hyeres"]
[WhiteTeamCountry "FRA"]
[BlackTeamCountry "FRA"]

1. d4 e6 2. Nf3 d5 3. Bf4 Bd6 4. Bxd6 Qxd6 5. e3 Qb4+ 6. Qd2 Qxb2 7. Qc3 Qxc3+ 8. Nxc3 c6 9. Rb1 b6 10. a4 f6 11. Na2 Ba6 12. Bxa6 Nxa6 13. Nb4 Nxb4 14. Rxb4 Rc8 15. a5 b5 16. Ke2 a6 17. g4 Ne7 18. h4 c5 19. Rb2 cxd4 20. Nxd4 e5 21. Nb3 0-0 22. Rd1 Rc4 23. f3 Rfc8 24. Rc1 h5 25. Nd2 Ra4 26. gxh5 Rxh4 27. e4 Rh2+ 28. Kd3 d4 29. c3 dxc3 30. Rxc3 Rd8+ 31. Ke3 f5 32. f4 exf4+ 33. Kxf4 Rhxd2 34. Rxd2 Rxd2 35. exf5 Nd5+ 0-1

[Event "FRA-chT 0102 U18"]
[Site "France"]
[Date "2002.??.??"]
[Round "5.4"]
[White "Guichard, Pauline"]
[Black "Khallouf, Antoine"]
[Result "1-0"]
[WhiteElo "1820"]
[BlackElo "1530"]
[PlyCount "73"]
[EventDate "2001.10.??"]
[EventType "team"]
[EventRounds "11"]
[EventCountry "FRA"]
[SourceTitle "EXT 2003"]
[Source "ChessBase"]
[SourceDate "2002.11.25"]
[SourceVersion "1"]
[SourceVersionDate "2002.11.25"]
[SourceQuality "1"]
[WhiteTeam "Bois Colombes"]
[BlackTeam "Clichy"]
[WhiteTeamCountry "FRA"]
[BlackTeamCountry "FRA"]

1. d4 d5 2. c4 c6 3. Nc3 Nf6 4. Nf3 Bf5 5. cxd5 cxd5 6. Qb3 Qb6 7. Nxd5 Nxd5 8. Qxd5 e6 9. Qb3 Qxb3 10. axb3 Nc6 11. Bd2 Bc2 12. e3 Bxb3 13. Bd3 Bd6 14. 0-0 0-0 15. Ng5 g6 16. Ne4 Be7 17. Rfc1 Bd5 18. Nc5 Bxc5 19. Rxc5 Ne7 20. Rc7 Nc8 21. b4 Nb6 22. e4 Bc6 23. b5 Bd7 24. Rxb7 f5 25. exf5 exf5 26. Rbxa7 Rxa7 27. Rxa7 Ra8 28. Rxa8+ Nxa8 29. Bc4+ Kf8 30. Bb4+ Ke8 31. Bc5 Kd8 32. Kf1 g5 33. Ke2 Bc8 34. Bd5 Nc7 35. Bb6 Kd7 36. Bc6+ Kd8 37. d5 1-0